Where Am I in Africa? Quiz Stats

 Plays Quiz Updated Mar 2, 2018

Challenge
Share
Tweet
Score 0/16 Timer 04:00
19 Plays Today
% Correct
You bet, this
huge sandy area
is definitely
the Sahara!
92.3%
Correct, this is Cape
Town, South Africa.
90.7%
Yes, that's
Casablanca,
Morocco!
90.3%
You got it!
Cabo Verde
is here!
88.2%
Good, Dar es Saalam is
over there in Tanzania.
This is Luanda, Angola.
85.9%
Nice work, this
is Liberia.
Mauritania is
up there.
85.8%
Right, this is
Cairo, Egypt!
Tripoli is there.
85.8%
Yes! Khartoum,
Sudan's up here.
That's Nairobi,
Kenya.
81.1%
% Correct
Yes, that's
Antananarivo,
Madagascar's
capital.
79.7%
Good job, this is
the Gulf of Guinea!
78.4%
Right, this is
N'Djamena, Chad.
Kinshasa, DRC,
is there.
77.3%
Nice work,
it's Lagos,
Nigeria!
73.4%
Right! This is
the Kalahari!
68%
Correct, this is the
Red Sea. The Arabian
Sea is over there.
65.8%
This skinny one is
Lake Malawi. Lake
Victoria's up there.
62.3%
Very good!
This is Victoria,
Seychelles.
Mauritius is
down there.
52.6%

You're not logged in!

Compare scores with friends on all Sporcle quizzes.
OR
Log In

You Might Also Like...

Show Comments

Extras

Top Quizzes Today


Score Distribution

Your Account Isn't Verified!

In order to create a playlist on Sporcle, you need to verify the email address you used during registration. Go to your Sporcle Settings to finish the process.

Report this User

Report this user for behavior that violates our Community Guidelines.

Details: